Man of War - Radiohead [lyrics] - Statistics

General Stats
  • This quiz has been taken 96 times
  • The average score is 83 of 121
Answer Stats
Answer % Correct
you
98%
man
96%
of
96%
war
96%
a
92%
my
90%
You're
90%
I
85%
the
85%
all
81%
for
75%
For
75%
come
73%
I'll
73%
see
73%
to
73%
back
71%
cake
71%
eyes
71%
From
71%
like
71%
Made
71%
their
71%
When
71%
And
69%
bake
69%
ocean
69%
Will
69%
will
69%
could
67%
home
67%
wish
67%
world
67%
kill
65%
make
65%
me
65%
drunken
63%
just
63%
more
63%
whole
63%
alone
60%
Dressed
60%
Drift
60%
Search
60%
confessions
54%
hijacked
52%
So
48%
Big
46%
comes
44%
boots
42%
worms
42%
(Yeah
42%
yeah
42%
yeah)
42%
Yeah
42%
affairs
40%
It
38%
flooding
31%
But
27%
cloud
27%
poisoned
27%
dwarf
25%
phones
25%
Stop
25%
unplug
21%
taps
15%
No matching quizzes found
Score Distribution
Percent of People with Each Score
Percentile by Number Answered
Your Score History
You have not taken this quiz